Statistics for Most Passing Yards in a game every season

Click here to take the quiz!

General Stats

  • This quiz has been taken 24 times
  • The average score is 32 of 64

Answer Stats

SeasonTeamYardsQB% Correct
2020DAL502Dak Prescott
100%
2018KAN478Patrick Mahomes
100%
2017PIT506Ben Roethlisberger
95%
2014PIT522Ben Roethlisberger
95%
2009PIT503Ben Roethlisberger
95%
2015NOS505Drew Brees
95%
2006NOS510Drew Brees
95%
2016LVR513Derek Carr
89%
2021CIN525Joe Burrow
89%
2011DET520Matthew Stafford
89%
2013DAL506Tony Romo
89%
2019LAR517Jared Goff
84%
2008ARI472Kurt Warner
74%
2007ARI484Kurt Warner
74%
2012HOU527Matt Schaub
74%
2010HOU497Matt Schaub
74%
1989SFF458Joe Montana
68%
1970NYJ397Joe Namath
68%
1972NYJ496Joe Namath
68%
2003TEN421Steve McNair
68%
1993SFF462Steve Young
68%
1992SFF449Steve Young
68%
1988MIA521Dan Marino
63%
1995MIA450Dan Marino
63%
1994MIA473Dan Marino
63%
1984MIA470Dan Marino
63%
1985NYG513Phil Simms
58%
1981CLE444Brian Sipe
53%
1975CIN447Ken Anderson
53%
1978CIN388Ken Anderson
53%
1997SEA409Warren Moon
53%
1990HOU527Warren Moon
53%
1996ARI522Boomer Esiason
47%
2004DEN499Jake Plummer
47%
1998ARI465Jake Plummer
47%
1962NYG505Y.A. Tittle
42%
2000KAN504Elvis Grbac
37%
1964KAN435Len Dawson
37%
2005LAR442Marc Bulger
37%
2002PIT473Tommy Maddox
37%
1966DAL406Don Meredith
32%
1963DAL460Don Meredith
32%
1980TBB486Doug Williams
32%
1961HOU464George Blanda
32%
1979SEA384Jim Zorn
32%
1991WAS442Mark Rypien
32%
1967WAS418Sonny Jurgensen
32%
1987ARI457Neil Lomax
26%
1965WAS411Sonny Jurgensen
26%
1999WAS471Brad Johnson
21%
1974DEN445Charley Johnson
21%
1969MIN449Joe Kapp
21%
1971NYG372Randy Johnson
21%
1973PHI379Roman Gabriel
21%
1982LAR509Vince Ferragamo
21%
1986MIN490Tommy Kramer
16%
1981MIN444Tommy Kramer
16%
1960DEN375Frank Tripucka
11%
1977NYJ396Richard Todd
11%
1983NYJ446Richard Todd
11%
1976LAR436James Harris
5%
1960NYJ375Al Dorow
0%
2001DET436Charlie Batch
0%
1968TEN413Pete Beathard
0%

Score Distribution

Percentile by Number Answered

Percent of People with Each Score

Your Score History

You have not taken this quiz